000 01076nam a2200277Ia 4500
003 OSt
005 20221005111439.0
006 a|||||r|||| 00| 0
007 ta
008 221004b |||||||| |||| 00| 0 hin d
020 _a9789387330771 (hbk)
_cINR 395.00
024 _a43357
037 _bGV/792, 21/02/2019, Vani Prakashan
_cTextual
040 _aCRL
_cCRL
_bhin
041 _2hin
_ahin
082 _aO152,3NGE,EG, Q7
100 _aगीताश्री, ले.
245 0 _aहसीनाबाद
_b एक गुमनाम बस्ती की बदनाम दास्ती
246 _aHasīnābāda: ek gumanām bastī kī badanām dāstī
260 _aनई दिल्ली
_bवाणी प्रकाशन भारत
_c2017
300 _a234पृ0
_ccm.
650 _a हिन्दी साहित्य
650 _aहिन्दी कहानी
942 _hO152,3NGE,EG, Q7
_cTEXL
_2cc
999 _c1021862
_d1021862